Návrh a numerická simulácia elektromechanického prevodníka

Guardado en:
Detalles Bibliográficos
Autor principal: Bilačič, Matej (Autor)
Otros Autores: Rolník, Ladislav (Orientador)
Formato: Manuscrito Libro
Lenguaje:eslovaco
Publicado: 2023
Materias:
Acceso en línea:http://is.stuba.sk/zp/portal_zp.pl?podrobnosti=161965
Etiquetas: Agregar Etiqueta
Sin Etiquetas, Sea el primero en etiquetar este registro!

MARC

LEADER 00000ntm a22000003a 4500
001 stuzp93720
003 SK-STU
005 20230909215850.9
007 ta
008 150427s2015----xo-----f-mn---000-0-slo-d
040 |a STU  |b slo 
041 0 |a slo 
100 1 |a Bilačič, Matej  |u 066000  |4 aut  |U MTF Materiálovotechnologická fakulta  |T MTF Ústav aplikovanej informatiky, automatizácie a mechatroniky  |X 110225  |U M6000  |Y 86  |7 110225 
242 0 1 |a Design and numerical simulation of the electromechanical transducer  |y eng 
245 1 0 |a Návrh a numerická simulácia elektromechanického prevodníka 
260 |c 2023 
650 4 |a návrh  |2 slo 
650 4 |a elektromechanický prevodník  |2 slo 
650 4 |a simulácia  |2 slo 
650 4 |a mechanické vlastnosti  |2 slo 
650 4 |a analýza  |2 slo 
650 4 |a koncepcia  |2 slo 
650 4 |a design  |2 eng 
650 4 |a electromechanical transducer  |2 eng 
650 4 |a simulation  |2 eng 
650 4 |a mechanical properties  |2 eng 
650 4 |a analysis  |2 eng 
650 4 |a concept  |2 eng 
700 1 |a Rolník, Ladislav  |u 066000  |k Z1  |4 ths  |U MTF Materiálovotechnologická fakulta  |T MTF Ústav aplikovanej informatiky, automatizácie a mechatroniky  |X 52252  |U M6000  |Y 86  |7 A000052252 
856 4 |u http://is.stuba.sk/zp/portal_zp.pl?podrobnosti=161965 
996 |c M* BP-9515  |l MMSKP  |s P  |a 0  |w stuzp93720_0001